1050 1620 1190 1812 1413 1207 1583 1775 1971 1373 1215 1871 1886 1955 1790 1998 1701 1805 1983 1100 1417 1025 1348 1847 1574 1016 1978 1661 1732 1868 1632 1363 1482 1222 1784 1861 1632 1200 1687 1299 1267 1049 1203 1108 1325 1458 1841 1289 1988 1788 1836 1974 1535 1448 1220 1481 1063 1733 1240 1202 1816 1523 1480 1980 1324 1240 1416 1627 1387 1172 1822 1095 1183 1152 1669 1990 1014 1141 1324 1964 1888 1807 1417 1254 1509 1412 1080 1216 1336 1688 1723 1490 1189 1231 1752 1160 1398 1943 1402 BCNSPRNW ULIB Ver.6.0+V

เปลี่ยนเป็นภาษาไทย

Change to English
 แสดงรายละเอียดบรรณานุกรม
  กลับหน้าหลัก

Brief Record : Get Marc (ISO 2709) : E-mail record : QR code < ปิดหน้าต่าง
LEADER : 00000nam 2200000uu 4500
001    13399126144
003     ULIB
008    180612s||||||||th 000 0 tha d
020    ^a9786164404373
060    ^aWY200^bจ482ก
100    ^aจินตนา วัชรสินธุ์
245    ^aการพยาบาลครอบครัวที่มีสมาชิกเจ็บป่วยเรื้อรัง
250    ^aพิมพ์ครั้งที่ 1
260    ^aชลบุรี :^bชลบุรีการพิมพ์,^c2560
300    ^a139 หน้า ;^c27 ซม.
500    ^a225 บาท
650    ^aการพยาบาลครอบครัว
650    ^aรูปแบบการบำบัดการพยาบาลครอบครัว
650    ^aการเจ็บป่วยเรื้อรัง
945    ^p225^l0^i26118
945    ^p225^l0^i26119
945    ^p225^l0^i26120
945    ^p225^l0^i26121
945    ^p225^l0^i26122
945    ^p225^l0^i26123
945    ^p225^l0^i26124
945    ^p225^l0^i26125
945    ^p225^l0^i26126
945    ^p225^l0^i26127
999    ^aกัณชพร จุลอักษร
รายการนี้ยังไม่มีแท็ก
คุณยังไม่ได้ล็อกอิน คุณสามารถมีกิจกรรมร่วมกับเว็บไซต์ได้ แต่ต้องล็อกอินก่อน ::
  ล็อกอิน

รายการสื่อสารสนเทศ

ลำดับที่ ประเภท เลขเรียก/บาร์โค้ด สถานที่ สถานะ
1. หนังสือสำรอง
หนังสือสำรอง
WY200 จ482ก ฉ.1 
  Barcode: 26118
ห้องสมุดวิทยาเขตนครสวรรค์
►หนังสือทั่วไป:l:General Books
บนชั้น
2. วิทยาศาสตร์การแพทย์ และสุขภาพ
วิทยาศาสตร์การแพทย์ และสุขภาพ
WY200 จ482ก ฉ.10 
  Barcode: 26127
ห้องสมุดวิทยาเขตนครสวรรค์
►หนังสือทั่วไป:l:General Books
บนชั้น
3. วิทยาศาสตร์การแพทย์ และสุขภาพ
วิทยาศาสตร์การแพทย์ และสุขภาพ
WY200 จ482ก ฉ.2 
  Barcode: 26119
ห้องสมุดวิทยาเขตนครสวรรค์
►หนังสือทั่วไป:l:General Books
บนชั้น
4. วิทยาศาสตร์การแพทย์ และสุขภาพ
วิทยาศาสตร์การแพทย์ และสุขภาพ
WY200 จ482ก ฉ.3 
  Barcode: 26120
ห้องสมุดวิทยาเขตนครสวรรค์
►หนังสือทั่วไป:l:General Books
บนชั้น
5. วิทยาศาสตร์การแพทย์ และสุขภาพ
วิทยาศาสตร์การแพทย์ และสุขภาพ
WY200 จ482ก ฉ.4 
  Barcode: 26121
ห้องสมุดวิทยาเขตนครสวรรค์
►หนังสือทั่วไป:l:General Books
บนชั้น
6. วิทยาศาสตร์การแพทย์ และสุขภาพ
วิทยาศาสตร์การแพทย์ และสุขภาพ
WY200 จ482ก ฉ.5 
  Barcode: 26122
ห้องสมุดวิทยาเขตนครสวรรค์
►หนังสือทั่วไป:l:General Books
บนชั้น
7. วิทยาศาสตร์การแพทย์ และสุขภาพ
วิทยาศาสตร์การแพทย์ และสุขภาพ
WY200 จ482ก ฉ.6 
  Barcode: 26123
ห้องสมุดวิทยาเขตนครสวรรค์
►หนังสือทั่วไป:l:General Books
บนชั้น
8. วิทยาศาสตร์การแพทย์ และสุขภาพ
วิทยาศาสตร์การแพทย์ และสุขภาพ
WY200 จ482ก ฉ.7 
  Barcode: 26124
ห้องสมุดวิทยาเขตนครสวรรค์
►หนังสือทั่วไป:l:General Books
บนชั้น
9. วิทยาศาสตร์การแพทย์ และสุขภาพ
วิทยาศาสตร์การแพทย์ และสุขภาพ
WY200 จ482ก ฉ.8 
  Barcode: 26125
ห้องสมุดวิทยาเขตนครสวรรค์
►หนังสือทั่วไป:l:General Books
บนชั้น
10. วิทยาศาสตร์การแพทย์ และสุขภาพ
วิทยาศาสตร์การแพทย์ และสุขภาพ
WY200 จ482ก ฉ.9 
  Barcode: 26126
ห้องสมุดวิทยาเขตนครสวรรค์
►หนังสือทั่วไป:l:General Books
บนชั้น

รายการใกล้เคียง
    ชื่อเรื่อง [การพยาบาลครอบครัวที่มีสมาชิกเจ็บป่วยเรื้อรัง]

    ผู้แต่ง [จินตนา วัชรสินธุ์]

    หัวเรื่อง [การพยาบาลครอบครัว]
    หัวเรื่อง [รูปแบบการบำบัดการพยาบาลครอบครัว]
    หัวเรื่อง [การเจ็บป่วยเรื้อรัง]

BibComment


ยังไม่เคยถูกคอมเมนท์

คอมเมนท์ทรัพยากรรายการนี้
  คอมเมนท์: การพยาบาลครอบครั..


 Copyright 2026. Bcnsprnw @Library